Συνθήκη του Αμστερνταμ που τροποιεί τη συνθήκη για την Ευρωπαική Ενωση, τις συνθήκες περί ιδρύσεως των Ευρωπαικών Κοινοτήτων και ορισμένες συναφείς πράξεις

Αποθηκεύτηκε σε:
Λεπτομέρειες βιβλιογραφικής εγγραφής
Συγγραφή απο Οργανισμό/Αρχή: Ευρωπαϊκή Ένωση
Μορφή: Βιβλίο
Γλώσσα:Greek
Δημοσίευση: Λουξεμβούργο : Υπηρεσία Επισήμων Εκδόσεων των Ευρωπαικών Κοινοτήτων, c1997
Θέματα:
Ετικέτες: Προσθήκη ετικέτας
Δεν υπάρχουν, Καταχωρήστε ετικέτα πρώτοι!

MARC

LEADER 00000cam a2200000 i 4500
001 1/73557
008 990317s1997 gre d
020 |a 92-828-1651-6 
035 |l 10048835 
040 |a GR-MY-UA  |b gre  |e aacr 
041 0 |a gre 
082 0 |a 341.0265 
110 2 |a Ευρωπαϊκή Ένωση. 
245 1 0 |a Συνθήκη του Αμστερνταμ που τροποιεί τη συνθήκη για την Ευρωπαική Ενωση, τις συνθήκες περί ιδρύσεως των Ευρωπαικών Κοινοτήτων και ορισμένες συναφείς πράξεις 
260 |a Λουξεμβούργο :   |b Υπηρεσία Επισήμων Εκδόσεων των Ευρωπαικών Κοινοτήτων,   |c c1997 
300 |a 144 σ. 
650 0 0 |a Treaties. 
852 |a INST  |b CHIOS  |e 19990317  |h 341.0265 ΣΥΝ  |p 005200014569  |q 005200014569  |t BK  |y 0 
852 |a INST  |b CHIOS  |e 20000330  |h 341.0265 ΣΥΝ  |p 005200017855  |q 005200017855  |t BK  |y 0 
901 |a BIBL-1999-1 
901 |a BIBL2-2000-1 
909 |a Χ  |b 055624 
909 |a Χ  |b 075966 
922 |a 2ΔΩΡ  |b 199903  |c ΜΕΤΑΠΤΥΧΙΑΚΟ ΤΟΥΡΙΣΜΟΥ